| 000 | 00866nam a2200217 a 4500 | ||
|---|---|---|---|
| 001 | 55955 | ||
| 003 | BD-RjUL | ||
| 005 | 20211209080333.0 | ||
| 008 | 161123s1920 ii ||||| |||| 00| 0 ben d | ||
| 035 | _a(BD-RjUL)56079 | ||
| 040 |
_aBD-RjUL _bben _cBD-RjUL _dBD-RjUL |
||
| 041 | _aben | ||
| 082 |
_223 _a891.4409 _bGUS 1920 |
||
| 100 |
_aগুপ্ত, নলীকান্ত _9166560 |
||
| 245 | 1 | 0 |
_aসাহিত্যিকা / _cনলীকান্ত গুপ্ত, |
| 260 |
_aকলিকাতা : _bআর্য্য পাবলিশিং হাউস, _c১৯২০ (১৩২৭). |
||
| 300 |
_a[৬], ১৫২ পৃ. ; _c১৬ সেমি. |
||
| 650 |
_aবাংলা সাহিত্য _vইতিহাস ও সমালোচনা _9117445 |
||
| 650 |
_aBengali literature _vHistory and Criticism _9166561 |
||
| 942 |
_2ddc _cBK |
||
| 999 |
_c55955 _d55955 |
||